| 000 | 00345nam a22001457a 4500 | ||
|---|---|---|---|
| 008 | 230213b ||||| |||| 00| 0 eng d | ||
| 020 | _a9781617310607 | ||
| 041 | _aeng | ||
| 080 |
_2SEVENTH EDITION _a591 |
||
| 082 | _a591ADA | ||
| 100 | _a10 | ||
| 101 | _aZOLO | ||
| 245 |
_aPHOTOGRAPHIC ATLAS FOR THE ZOOLOGY _cADAMS .J.B |
||
| 942 |
_2udc _cBK |
||
| 999 |
_c59353 _d59353 |
||